Statistics for Busiest Domestic Air Routes in the USA

Click here to take the quiz!

General Stats

  • This quiz has been taken 154 times
  • The average score is 92 of 100

Answer Stats

#Answer% Correct
37 | 45Miami
99%
5 | 7 | 10 | +11 othersAtlanta
98%
1 | 2 | 4 | +8 othersLos Angeles
98%
21 | 38 | 49Boston
97%
13 | 19 | 30Dallas
97%
2 | 3 | 10 | +3 othersNew York
97%
9 | 14 | 31 | +2 othersSeattle
97%
3 | 6 | 13 | +6 othersChicago
96%
8 | 12 | 22 | +4 othersDenver
96%
1 | 14 | 17 | +5 othersSan Francisco
95%
12 | 35 | 36 | 41Phoenix
94%
33 | 42 | 49Washington
94%
5 | 11 | 40 | 48Orlando
93%
40 | 50Philadelphia
93%
26San Diego
92%
47Detroit
89%
4 | 22 | 25 | 34Las Vegas
89%
16 | 29Honolulu
83%
27Baltimore
82%
44Salt Lake City
82%
18Tampa
77%
43New Orleans
68%
11 | 23 | 24 | 46Newark
67%
7 | 23Fort Lauderdale
48%
29Kahului
20%

Score Distribution

Percentile by Number Answered

Percent of People with Each Score

Your Score History

You have not taken this quiz